Ročenka spojů

Bibliographic Details
Format: Serial
Language:English
Published: Praha Nakl. dopravy a spojů

MARC

LEADER 00000nas a2200000 a 4500
001 vtls010433120
003 SK-MaSNL
005 20260221113513.0
008 120628c mr1 0 0eng d
040 |a SNK  |b slo  |c SNK 
245 0 0 |a Ročenka spojů 
260 |a Praha  |b Nakl. dopravy a spojů  |e Praha  |f Tiskárna a rozmnožovna spojů 
500 |a Popis podľa :1961; Naväzuje na rok 1959 
910 |a snk 
999 |c 2286  |d 4216 
952 |0 0  |1 1  |3 rekatalogizácia  |4 0  |7 0  |a SNK  |b SNK  |d 2012-06-28  |i snkKIP 18702/61  |l 0  |o snkČD 481/1961  |p 17A1019576  |r 2026-02-21 20:30:16  |w 2026-02-21  |y PREZ 
952 |0 0  |1 1  |3 rekatalogizácia  |4 0  |7 0  |a SNK  |b SNK  |d 2012-06-28  |i snkKIP 1075/65  |l 0  |o snkČD 481/1963  |p 17A0889199  |r 2026-02-21 20:30:16  |w 2026-02-21  |y PREZ 
952 |0 0  |1 1  |4 0  |7 0  |a SNK  |b SNK  |d 2012-06-28  |i snkKIP 10511/65  |l 0  |o snkČD 481/1964  |p 17A0889198  |r 2026-02-21 20:30:16  |w 2026-02-21  |y PREZ 
952 |0 0  |1 1  |4 0  |7 0  |a SNK  |b SNK  |d 2012-06-28  |i snkKIP 7094/66  |l 0  |o snkČD 481/1965  |p 17A0889197  |r 2026-02-21 20:30:16  |w 2026-02-21  |y PREZ